000 00430nam a2200169Ia 4500
008 230711s9999||||xx |||||||||||||| ||und||
020 _a978-93-8224-29-6
041 _aENG
082 _a677
_bSI-I
100 _aSingh, Mukesh Kumar
245 0 _aIndustrial Practies in Weaving Preparatory
250 _a1st Ed.
260 _c2018
_aNew Delhi
_bWoodhead Publishing Pvt Ltd
300 _a283p.
650 _aPhysics
942 _cBK
999 _c7013
_d7013